[Event "NOR-ch Class2"]
[Site "Sarpsborg"]
[Date "2018.07.14"]
[Round "9"]
[White "Klausen, Truls Skauge"]
[Black "Albrigtsen, Svein J"]
[Result "1-0"]
[WhiteElo "1733"]
[BlackElo "1678"]
[PlyCount "41"]
[EventDate "2018.07.07"]
[EventType "swiss"]
[EventRounds "9"]
[EventCountry "NOR"]
[SourceTitle "EXT 2024"]
[Source "ChessBase"]
[SourceDate "2023.10.10"]
[SourceVersion "1"]
[SourceVersionDate "2023.10.10"]
[SourceQuality "1"]

1. d4 f5 2. e4 fxe4 3. Nc3 Nf6 4. f3 e6 5. Bg5 exf3 6. Nxf3 Be7 7. Bd3 0-0 8. 0-0 Nd5 9. Ne4 Nf4 10. Bxe7 Qxe7 11. Neg5 h6 12. Nh7 Rd8 13. Ne5 d6 14. Ng6 Nxg6 15. Bxg6 Nd7 16. Rf7 Qh4 17. g3 Qh3 18. Qf3 e5 19. Rxg7+ Kxg7 20. Qf7+ Kh8 21. Nf6 1-0

[Event "Oslo Sveins op 9th"]
[Site "Oslo"]
[Date "2016.06.24"]
[Round "7"]
[White "Haveland, Bjorn Ivar"]
[Black "Albrigtsen, Svein J"]
[Result "1-0"]
[WhiteElo "1886"]
[BlackElo "1694"]
[PlyCount "75"]
[EventDate "2016.06.24"]
[EventType "swiss"]
[EventRounds "9"]
[EventCountry "NOR"]
[SourceTitle "CBM 173 Extra"]
[Source "ChessBase"]
[SourceDate "2016.08.29"]
[SourceVersion "1"]
[SourceVersionDate "2016.08.29"]
[SourceQuality "1"]

1. d4 f5 2. Nf3 Nf6 3. e3 e6 4. Bd3 Be7 5. 0-0 0-0 6. b3 b6 7. Bb2 Bb7 8. Nbd2 Ne4 9. c4 d5 10. cxd5 exd5 11. Ne5 Nd7 12. Rc1 Nxe5 13. dxe5 c5 14. f4 Qe8 15. Nxe4 fxe4 16. Bb1 Qg6 17. a3 Rad8 18. Qe2 Bc8 19. Qf2 Qg4 20. Kh1 Bh4 21. g3 Be7 22. Rcd1 Rf5 23. Rd2 Rh5 24. Rfd1 Qf3+ 25. Qxf3 exf3 26. Be4 Bg4 27. Rxd5 f2 28. Rxd8+ Bxd8 29. Rf1 Be7 30. Rxf2 c4 31. bxc4 Bc5 32. Bd4 Bxa3 33. Ra2 Bc5 34. Rxa7 Bb4 35. Bxb6 Rh6 36. Bd5+ Kf8 37. c5 g6 38. e6 1-0